El nuevo régimen de subcontratación y la regulacióndel funcionamiento de las empresas de servicios transitorios

Enregistré dans:
Détails bibliographiques
Auteur principal: Mejía Correa, Alejandro (autor)
Format: Livre
Langue:espagnol
Publié: Santiago Sociedad Editora Metropolitana 2006
Sujets:
Tags: Ajouter un tag
Pas de tags, Soyez le premier à ajouter un tag!

MARC

LEADER 00000nam a2200000 a 4500
001 UCI3943
003 CL-VaPUC
008 071207e20060000CL |||||||||||||||||spa|d
020 |a 9562860698 
082 0 4 |a 344.8301  |b MEJ  |2 21 
100 |a Mejía Correa, Alejandro  |e autor  |9 525534 
245 1 3 |a El nuevo régimen de subcontratación y la regulacióndel funcionamiento de las empresas de servicios transitorios 
300 |a 187 p 
942 |c BK 
945 |d 20071207 00:00:00  |a jtorresc 
260 |a Santiago  |b Sociedad Editora Metropolitana  |c 2006 
500 |a Incluye: Texto íntegro Ley N§20.123 
500 |a Del recurso contra el concepto de empresa y fallo del recurso 
500 |a Reglamento Ley N§20.123 
650 7 |a SUBCONTRATACION  |2 CL-VaPUC  |9 502631 
650 0 |a Contratos  |9 255153 
650 7 |a DERECHO LABORAL  |2 CL-VaPUC  |9 15 
650 0 |a Responsabilidad jurídica  |9 387548 
650 0 |a Derecho público   |9 255910 
650 0 |a Derecho privado  |9 258243 
650 0 |a Código civil  |9 256135 
650 0 |a Código del trabajo  |9 255479 
651 7 |a CHILE  |2 CL-VaPUC  |9 525535 
583 |a last modification  |c 20170801 04:36:54  |k Rodrigo Vera 
999 |c 327973  |d 327971 
952 |0 0  |1 0  |4 0  |6 344_830100000000000_MEJ_2006  |7 0  |8 A  |9 411564  |a BIBDER  |b BIBDER  |d 2019-11-22  |i 4394038  |o 344.8301 MEJ 2006  |p 4394038  |r 2023-01-25  |w 2019-11-22  |y BK  |k DER